[Event "V Open Internacional BMW Augusta AragÃ³n "Stadium C
[Site "Zaragoza"]
[Date "2011.12.27"]
[Round "5"]
[Board "1"]
[White "Gonzalez Perez, Arian"]
[Black "Georgiev, Kiril"]
[Result "1/2-1/2"]
[WhiteElo "2474"]
[BlackElo "2666"]
[PlyCount "102"]
[EventDate "2011.12.23"]
[EventRounds "9"]
[EventCountry "ESP"]

1. d4 Nf6 2. c4 e6 3. Nf3 Bb4+ 4. Nbd2 O-O 5. a3 Be7 6. e3 b6 7. Bd3 Bb7 8. O-O
c5 9. b3 cxd4 10. exd4 d5 11. Bb2 Nc6 12. Qe2 Rc8 13. Rac1 a5 14. Qe3 Re8 15.
Ne5 Nxe5 16. dxe5 Bc5 17. Qh3 Ne4 18. cxd5 exd5 19. Nxe4 dxe4 20. Bc4 Qd2 21.
Bc3 Qg5 22. Rcd1 Rc7 23. Rd7 Rxd7 24. Qxd7 Qe7 25. Rd1 Bc8 26. Qxe7 Bxe7 27. a4
Be6 28. Rd4 e3 29. Bxe6 exf2+ 30. Kxf2 fxe6 31. Rd7 Kf8 32. Ke3 h5 33. Bd4 Rb8
34. Ra7 Bc5 35. Ke4 Rc8 36. Bxc5+ Rxc5 37. Rb7 Rc2 38. g3 Re2+ 39. Kf4 Rxh2 40.
Rxb6 Kf7 41. Kg5 Rg2 42. Rb7+ Kf8 43. Rb5 Rxg3+ 44. Kxh5 Kf7 45. Rb7+ Kf8 46.
Rb8+ Ke7 47. Rb7+ Kf8 48. Kh4 Rd3 49. Kg5 Rg3+ 50. Kf4 Rh3 51. Kg5 Rg3+ 1/2-1/2

[Event "V Open Internacional BMW Augusta AragÃ³n "Stadium C
[Site "Zaragoza"]
[Date "2011.12.27"]
[Round "5"]
[Board "1"]
[White "Korneev, Oleg"]
[Black "Garza Marco, Sergio"]
[Result "1/2-1/2"]
[WhiteElo "2608"]
[BlackElo "2394"]
[PlyCount "48"]
[EventDate "2011.12.23"]
[EventRounds "9"]
[EventCountry "ESP"]

1. e4 d6 2. d4 Nf6 3. Nc3 g6 4. Be3 c6 5. Qd2 Nbd7 6. Nf3 Qa5 7. h3 Bg7 8. Bd3
O-O 9. Bh6 e5 10. Bxg7 Kxg7 11. O-O b5 12. a3 Bb7 13. Rfe1 a6 14. Bf1 Qc7 15.
Rad1 c5 16. d5 c4 17. b4 cxb3 18. cxb3 Rfc8 19. Re3 Qb6 20. b4 Qd8 21. Ne2 Nb6
22. Ng3 Nc4 23. Bxc4 Rxc4 24. Rde1 Rac8 1/2-1/2

[Event "V Open Internacional BMW Augusta AragÃ³n "Stadium C
[Site "Zaragoza"]
[Date "2011.12.27"]
[Round "5"]
[Board "1"]
[White "Ramiro Ovejero, Juan Luis"]
[Black "Kogan, Artur"]
[Result "0-1"]
[WhiteElo "2303"]
[BlackElo "2572"]
[PlyCount "56"]
[EventDate "2011.12.23"]
[EventRounds "9"]
[EventCountry "ESP"]

1. d4 Nf6 2. Nf3 d5 3. c4 e6 4. cxd5 exd5 5. Nc3 c6 6. Bg5 h6 7. Bh4 Bf5 8. e3
Be7 9. Bd3 Bxd3 10. Qxd3 Nbd7 11. O-O O-O 12. Rab1 a5 13. Qc2 Re8 14. a3 Nb6
15. Ne5 Nfd7 16. Bxe7 Qxe7 17. Nxd7 Qxd7 18. Na4 Nc4 19. Nc5 Qc7 20. e4 Qf4 21.
exd5 cxd5 22. Rbd1 b6 23. Na4 Re6 24. Nc3 Qg5 25. Rd3 Rae8 26. Rg3 Qd2 27. Qd3
Re1 28. Nb1 Qc1 0-1

[Event "V Open Internacional BMW Augusta AragÃ³n "Stadium C
[Site "Zaragoza"]
[Date "2011.12.27"]
[Round "5"]
[Board "1"]
[White "Chueca Forcen, Alberto"]
[Black "Cifuentes Parada, Roberto"]
[Result "0-1"]
[WhiteElo "2350"]
[BlackElo "2523"]
[PlyCount "120"]
[EventDate "2011.12.23"]
[EventRounds "9"]
[EventCountry "ESP"]

1. f4 d5 2. b3 c6 3. Bb2 Bg4 4. h3 Bh5 5. g4 Bg6 6. Bg2 e6 7. Nf3 Nd7 8. e3
Ngf6 9. d3 Qa5+ 10. Nbd2 Ba3 11. Bxa3 Qxa3 12. Nh4 Qc5 13. Ke2 h6 14. Nxg6 fxg6
15. Nf3 Qd6 16. Qe1 O-O-O 17. Qc3 Qc7 18. Ne5 Nxe5 19. fxe5 Nd7 20. d4 Rdf8 21.
Qd3 Qd8 22. Qxg6 Qh4 23. Rhf1 Qg3 24. Bf3 Qxh3 25. Rf2 Qg3 26. Qxe6 Re8 27. Qg6
Nxe5 28. dxe5 Rxe5 29. Rd1 Rhe8 30. Rd3 Qg1 31. Rc3 R5e6 32. Qf5 g6 33. Qf4 d4
34. Qxd4 Rd8 35. Bd5 Red6 36. Rf1 Qh2+ 37. Rf2 Qh4 38. Qe4 Rxd5 39. Qe6+ Kb8
40. Rd3 Qg5 41. Rxd5 cxd5 42. Qf6 Qxg4+ 43. Kd2 Qd7 44. Qxg6 d4 45. Qg3+ Ka8
46. e4 Qe7 47. e5 Qb4+ 48. Kd1 a6 49. e6 d3 50. cxd3 Qe4 51. Kd2 Qxe6 52. Qe3
Qd6 53. Qe4 Qa3 54. Ke3 Qc1+ 55. Ke2 Rc8 56. Kf3 Qd1+ 57. Qe2 Rf8+ 58. Kg4 Rg8+
59. Kf5 Qg1 60. Qb2 Qxf2+ 0-1

[Event "V Open Internacional BMW Augusta AragÃ³n "Stadium C
[Site "Zaragoza"]
[Date "2011.12.27"]
[Round "5"]
[Board "1"]
[White "Rzayev, Bahruz"]
[Black "Vassallo Barroche, Mauricio"]
[Result "1/2-1/2"]
[WhiteElo "2313"]
[BlackElo "2429"]
[PlyCount "152"]
[EventDate "2011.12.23"]
[EventRounds "9"]
[EventCountry "ESP"]

1. e4 c5 2. Nf3 g6 3. c3 d5 4. e5 Nc6 5. d4 Bg4 6. Bb5 Qb6 7. Bxc6+ Qxc6 8. O-O
Bg7 9. h3 Bxf3 10. Qxf3 e6 11. Na3 Ne7 12. Bg5 cxd4 13. cxd4 Nf5 14. Qd3 h6 15.
Bd2 O-O 16. g4 Ne7 17. Bb4 Qd7 18. Qb5 Rfd8 19. Qxd7 Rxd7 20. Bxe7 Rxe7 21. f4
Rc7 22. Nb5 Rc4 23. f5 Rb4 24. Nc7 Rc8 25. Rac1 gxf5 26. gxf5 exf5 27. Nxd5
Rxc1 28. Rxc1 Rxd4 29. Ne7+ Kh7 30. Nxf5 Rd7 31. Re1 Rd2 32. Nd6 Bxe5 33. Rxe5
Rxd6 34. Re7 Rd1+ 35. Kg2 Rd2+ 36. Kf3 Rxb2 37. Rxf7+ Kg6 38. Rd7 Rxa2 39. Rxb7
Kg5 40. Kg3 a6 41. Rg7+ Kh5 42. Rc7 Ra3+ 43. Kg2 Ra5 44. Rc6 Rg5+ 45. Kf3 Rg6
46. Rc4 a5 47. h4 Ra6 48. Ra4 Kg6 49. Kf4 Kf6 50. h5 Ra8 51. Ke4 Kg5 52. Ke5
Kxh5 53. Kf5 Rg8 54. Kf6 Rg5 55. Re4 Rc5 56. Rd4 Rb5 57. Ra4 Rb6+ 58. Ke5 Ra6
59. Kf5 Ra8 60. Ra1 Kh4 61. Kf4 Rf8+ 62. Ke4 Ra8 63. Kf4 Kh3 64. Rh1+ Kg2 65.
Rxh6 a4 66. Rc6 a3 67. Rc2+ Kf1 68. Ra2 Ke1 69. Ke3 Kd1 70. Kd3 Kc1 71. Kc3 Kb1
72. Rh2 Rb8 73. Rh1+ Ka2 74. Rh7 Ka1 75. Kc2 a2 76. Rc7 Rh8 1/2-1/2

[Event "V Open Internacional BMW Augusta AragÃ³n "Stadium C
[Site "Zaragoza"]
[Date "2011.12.27"]
[Round "5"]
[Board "1"]
[White "Paunovic, Dragan"]
[Black "Roche Simon, Manuel Angel"]
[Result "1-0"]
[WhiteElo "2528"]
[BlackElo "2174"]
[PlyCount "105"]
[EventDate "2011.12.23"]
[EventRounds "9"]
[EventCountry "ESP"]

1. c4 e6 2. g3 d5 3. Bg2 Nf6 4. Nf3 c5 5. O-O Nc6 6. cxd5 exd5 7. d4 Be7 8. Nc3
O-O 9. Bg5 c4 10. Ne5 Be6 11. Nxc6 bxc6 12. b3 Qa5 13. Na4 Rac8 14. e3 Rfd8 15.
Bxf6 gxf6 16. Qh5 c5 17. dxc5 Bxc5 18. Nxc5 Qxc5 19. Qh6 Qe7 20. bxc4 dxc4 21.
Be4 f5 22. Bc2 Rd2 23. Rac1 Rc5 24. e4 Rd6 25. Qe3 Qc7 26. Qg5+ Kf8 27. exf5
Bc8 28. Rfe1 h6 29. Qf4 Rf6 30. Qh4 Kg7 31. Re8 Bxf5 32. Bxf5 Rfxf5 33. Qd4+
Rf6 34. Re4 Qb6 35. Rf4 Rcf5 36. Qxb6 axb6 37. Rcxc4 Rxf4 38. Rxf4 Rc6 39. Rb4
Rc2 40. a4 Ra2 41. h4 Ra1+ 42. Kg2 Ra3 43. g4 Kh7 44. f3 Kg7 45. Kg3 Kh7 46.
Kf4 Kg7 47. Ke4 Rc3 48. f4 Rc6 49. f5 Rc5 50. Kd3 Ra5 51. Kc3 Kh7 52. h5 Kg7
53. f6+ 1-0

[Event "V Open Internacional BMW Augusta AragÃ³n "Stadium C
[Site "Zaragoza"]
[Date "2011.12.27"]
[Round "5"]
[Board "1"]
[White "Mirzoev, Azer"]
[Black "Lana Rodriguez, David"]
[Result "1-0"]
[WhiteElo "2510"]
[BlackElo "2243"]
[PlyCount "87"]
[EventDate "2011.12.23"]
[EventRounds "9"]
[EventCountry "ESP"]

1. d4 Nf6 2. Nf3 e6 3. c4 Bb4+ 4. Nbd2 c5 5. a3 Bxd2+ 6. Qxd2 cxd4 7. Nxd4 Nc6
8. e3 Ne4 9. Nxc6 Nxd2 10. Nxd8 Nb3 11. Nxf7 Kxf7 12. Rb1 b6 13. Bd2 Ba6 14.
Bc3 Rac8 15. Rd1 Rhd8 16. Bd3 h6 17. h4 Bxc4 18. Bc2 Nc5 19. Rh3 d6 20. Rg3 e5
21. f4 Bb3 22. Bxb3+ Nxb3 23. fxe5 dxe5 24. Rxd8 Rxd8 25. Bxe5 g6 26. Rf3+ Ke6
27. Bc3 Kd5 28. Rf6 Rg8 29. Ke2 Nc5 30. Rf7 a5 31. Bd4 Ne6 32. Bc3 h5 33. g3 g5
34. Kf3 g4+ 35. Ke2 Rf8 36. Rb7 Nc5 37. Rxb6 Ne4 38. Be1 Rc8 39. Rb5+ Kc4 40.
a4 Nc5 41. Bxa5 Rf8 42. b3+ Kd5 43. e4+ Kc6 44. Bb4 1-0

[Event "V Open Internacional BMW Augusta AragÃ³n "Stadium C
[Site "Zaragoza"]
[Date "2011.12.27"]
[Round "5"]
[Board "1"]
[White "Antonano Fedz-Quincoces, Avelin"]
[Black "Glavina, Pablo"]
[Result "0-1"]
[WhiteElo "2127"]
[BlackElo "2468"]
[PlyCount "88"]
[EventDate "2011.12.23"]
[EventRounds "9"]
[EventCountry "ESP"]

1. Nf3 g6 2. e4 c6 3. d4 d5 4. exd5 cxd5 5. c4 Nf6 6. Nc3 Bg7 7. Bf4 O-O 8. c5
Nc6 9. Bb5 Bg4 10. Be2 Ne4 11. Ne5 Bxe2 12. Nxe2 Nxe5 13. dxe5 Qa5+ 14. Kf1
Qxc5 15. Be3 Qb5 16. f3 Nc5 17. Qxd5 Rac8 18. Rc1 b6 19. Bd4 Rfd8 20. Qc4 Qxc4
21. Rxc4 Bxe5 22. Bxe5 Rd1+ 23. Kf2 Rxh1 24. Rc3 f6 25. Bd4 e5 26. Be3 Rb1 27.
Bc1 Rd8 28. Ke3 f5 29. g3 Rd1 30. Rc4 g5 31. f4 gxf4+ 32. gxf4 e4 33. b4 Nd3
34. Bd2 Rf1 35. Rc8+ Kf7 36. Rc7+ Ke8 37. Ng3 Nxf4 38. Rxh7 Rf3+ 39. Kd4 Rd3+
40. Ke5 Ng6+ 41. Kxf5 Nf8 42. Rxa7 Rxd2 43. Nxe4 Rd5+ 44. Kg4 Rxb4 0-1

[Event "V Open Internacional BMW Augusta AragÃ³n "Stadium C
[Site "Zaragoza"]
[Date "2011.12.27"]
[Round "5"]
[Board "1"]
[White "Perez Mitjans, Orelvis"]
[Black "Iturbide Arnedo, Oscar"]
[Result "1-0"]
[WhiteElo "2457"]
[BlackElo "2117"]
[PlyCount "81"]
[EventDate "2011.12.23"]
[EventRounds "9"]
[EventCountry "ESP"]

1. e4 g6 2. d4 Bg7 3. f3 c5 4. d5 d6 5. c4 e5 6. Nc3 Nd7 7. Bd3 Ne7 8. Nge2 f5
9. Be3 O-O 10. Qd2 Nf6 11. h3 a6 12. g4 f4 13. Bf2 Bd7 14. a3 Qc7 15. b4 b6 16.
Rb1 Rfb8 17. Rb3 Ne8 18. O-O b5 19. bxc5 dxc5 20. Rc1 bxc4 21. Bxc4 Nd6 22. Nd1
Rxb3 23. Bxb3 c4 24. Nb2 Qb7 25. Ba2 Nec8 26. Nxc4 Nxc4 27. Rxc4 Nd6 28. Rc6
Bf8 29. Nc1 Kh8 30. Rb6 Qc7 31. Nd3 Bg7 32. Bc5 Nb7 33. d6 Qc8 34. Bf2 Bb5 35.
Bd5 Rb8 36. Bxb7 Rxb7 37. Rxb7 Qxb7 38. Nc5 Qc8 39. d7 Qd8 40. a4 Bxd7 41. Qxd7
1-0

[Event "V Open Internacional BMW Augusta AragÃ³n "Stadium C
[Site "Zaragoza"]
[Date "2011.12.27"]
[Round "5"]
[Board "1"]
[White "Bellia, Fabrizio"]
[Black "Iagar, Razvan-Gabriel"]
[Result "1-0"]
[WhiteElo "2418"]
[BlackElo "2170"]
[PlyCount "79"]
[EventDate "2011.12.23"]
[EventRounds "9"]
[EventCountry "ESP"]

1. e4 e6 2. d4 d5 3. Nd2 c5 4. exd5 Qxd5 5. dxc5 Bxc5 6. Ngf3 Nf6 7. Bc4 Qd6 8.
O-O O-O 9. Qe2 Qc7 10. Ne4 Be7 11. Bg5 Nbd7 12. Bd3 Nc5 13. Nxf6+ Bxf6 14. Bxf6
gxf6 15. Rad1 Rd8 16. Nd4 Qe5 17. Qg4+ Qg5 18. Bxh7+ Kxh7 19. Qh3+ Kg6 20. Nf3
Rxd1 21. Rxd1 Qh6 22. Qg3+ Kh7 23. Qc7 b6 24. b4 Nd7 25. h3 e5 26. c4 Qf8 27.
c5 bxc5 28. bxc5 Kg7 29. Rd6 Rb8 30. c6 Rb1+ 31. Kh2 Rc1 32. a4 Rc5 33. a5 Rc3
34. Nh4 Rc4 35. Nf5+ Kg6 36. Qxc8 Kxf5 37. Qxd7+ Kg6 38. Rd3 Kh6 39. Rf3 Kg7
40. c7 1-0

[Event "V Open Internacional BMW Augusta AragÃ³n "Stadium C
[Site "Zaragoza"]
[Date "2011.12.27"]
[Round "5"]
[Board "1"]
[White "Arregui Untoria, Carlos"]
[Black "Forcen Esteban, Daniel"]
[Result "0-1"]
[WhiteElo "2080"]
[BlackElo "2410"]
[PlyCount "92"]
[EventDate "2011.12.23"]
[EventRounds "9"]
[EventCountry "ESP"]

1. d4 Nf6 2. c4 c5 3. d5 e6 4. Nc3 exd5 5. cxd5 d6 6. e4 g6 7. f3 Bg7 8. Be3
O-O 9. Qd2 a6 10. a4 Re8 11. Nge2 Nbd7 12. Nc1 Rb8 13. Be2 Qc7 14. O-O b6 15.
b3 Bb7 16. Rb1 Rbc8 17. Bc4 Nh5 18. g4 Nhf6 19. Nd3 Rb8 20. Rbc1 h5 21. h3 hxg4
22. hxg4 Nh7 23. Qh2 Bc8 24. Bf4 b5 25. Bxd6 Qa5 26. Bxb8 Nxb8 27. Qxb8 bxc4
28. b4 cxb4 29. Qxb4 Qd8 30. Qxc4 Qh4 31. Rc2 Ng5 32. Ne2 Bxg4 33. fxg4 Qxg4+
34. Kf2 Qh4+ 35. Kg2 Qh3+ 36. Kf2 Qh4+ 37. Kg2 Qh3+ 38. Kf2 Nxe4+ 39. Ke1 Ng3
40. Qf4 Nxf1 41. Qxf1 Qxd3 42. Rc1 Bc3+ 43. Kf2 Qe3+ 44. Kg2 Qxe2+ 45. Qxe2
Rxe2+ 46. Kf3 Rh2 0-1

[Event "V Open Internacional BMW Augusta AragÃ³n "Stadium C
[Site "Zaragoza"]
[Date "2011.12.27"]
[Round "5"]
[Board "1"]
[White "Antoli Royo, Joaquin Miguel"]
[Black "Guidi, Maurizio"]
[Result "1-0"]
[WhiteElo "2410"]
[BlackElo "2076"]
[PlyCount "67"]
[EventDate "2011.12.23"]
[EventRounds "9"]
[EventCountry "ESP"]

1. e4 b6 2. d4 Bb7 3. Bd3 e6 4. Nf3 d6 5. O-O Nd7 6. Qe2 a6 7. Re1 g6 8. c4 Bg7
9. a4 a5 10. Bd2 Ne7 11. b4 Nc6 12. bxa5 Nxd4 13. Nxd4 Bxd4 14. Ra3 bxa5 15.
Bh6 Qh4 16. Bc1 Nc5 17. Nd2 Qe7 18. Bc2 Bc6 19. Nf3 Bg7 20. Be3 Na6 21. Bg5 Bf6
22. Bxf6 Qxf6 23. e5 Qe7 24. Nd4 Bd7 25. Rh3 Nc5 26. Qf3 Rb8 27. Qc3 dxe5 28.
Rxe5 O-O 29. Rxh7 Qd6 30. Reh5 gxh5 31. Rg7+ Kh8 32. Qe3 e5 33. Rh7+ Kg8 34.
Qg5+ 1-0

[Event "V Open Internacional BMW Augusta AragÃ³n "Stadium C
[Site "Zaragoza"]
[Date "2011.12.27"]
[Round "5"]
[Board "1"]
[White "Moreno Gracia, Daniel"]
[Black "Arnedo Ruiz, Alberto"]
[Result "1-0"]
[WhiteElo "2298"]
[BlackElo "2067"]
[PlyCount "85"]
[EventDate "2011.12.23"]
[EventRounds "9"]
[EventCountry "ESP"]

1. c4 c5 2. Nc3 g6 3. g3 Bg7 4. Bg2 Nc6 5. Nf3 e5 6. d3 Nge7 7. O-O O-O 8. a3
d6 9. Rb1 a5 10. Bd2 h6 11. Ne1 Be6 12. Nd5 Bxd5 13. cxd5 Nb8 14. f4 Nd7 15. e4
f5 16. Nf3 c4 17. fxe5 dxe5 18. Be3 cxd3 19. Qxd3 fxe4 20. Qxe4 Nf5 21. Bf2 Nf6
22. Qxe5 Re8 23. Qf4 Ne3 24. Bxe3 Re4 25. Qxe4 Nxe4 26. Rbd1 Bxb2 27. Nh4 Nc3
28. Rd2 Qe8 29. Bxh6 Bxa3 30. d6 Qd7 31. Rf6 Re8 32. Rxg6+ Kh8 33. Bg7+ Kh7 34.
Bxc3 Bc5+ 35. Bd4 Re6 36. Bxc5 Rxg6 37. Be4 Qe6 38. Bxg6+ Kh6 39. Bf2 Qc4 40.
Be3+ Kg7 41. d7 Qc1+ 42. Kg2 Qc6+ 43. Nf3 1-0